zpět

Detail výsledku týmu

Malibu Beer Bar, Klatovy

Datum a čas kvízu

24 Celkem bodů Celkový počet nahraných bodů na tomto kvízu bez doplňovacích otázek.
4. Pořadí na kvízu Konečné umístění týmu na tomto kvízu.

Zaznamenané odpovědi

# Otázka Odpověď Body Výsledky
1. Český premiér Petr Fiala se mi... Etiopii 1
2. V úterý se v jisté evropské mo... Španělsko, princezna Leonor 1
3. Jedna kapela ve čtvrtek vydala... The Beatles 1
4. Minulý týden otevřel jistý ame... Popeye's 0
5. Lionel Messi získal poosmé cen... Erling Haaland, Kylian Mbappé 1
-14. O které významné ženě 18. stol... o Marii Antoinettě 0
-13. Přívlastkové víno, k jehož výr... výběr z cibéb 0
-14. Jak se v antické mytologii jme... Dionýsos 1
-11. Seřaďte státy níže podle množs... 1C 2A 3B 4D 0
-10. Brandy je pálenka vyrobená z h... Cognac 1